000 00583nam a22001937a 4500
005 20170531121148.0
010 _aENG-118478
020 _a9788189766600
_c295.00
035 _aEN-102010
037 _bDBAD/PUB
082 _a301.153
100 _aGirja Kumar
245 _aBrahmcharya Gandhi and his women associates :/
_cby Girja Kumar
260 _aNew Delhi
_bVitasta Publishing
_c2015
270 _a2/15 Ansari Road,Daryaganj
_bNew Delhi
_e110002
300 _aviii,411p. :
_c23cm(pbk)
_bill.
500 _aIncludes index
942 _2ddc
_cEN
_mGIR
_h301.153
999 _c140607
_d140607